01378naa a22003497a 4500001001000000003000900010005001700019007000300036008003400039040005400073041000900127072002600136090001800162100002200180100001800202100001700220100001600237111008800253245011400341260004000455500011700495650001900612650001400631650001500645650001500660650002100675773011400696909003600810942001400846999001900860952014900879BR8704660BR-BrBNA20240918175838.0ta230509b bl.||||| |||| 00| 0 por d aBR-BrBNAbporcBiblioteca Nacional de Agricultura a(Pt) aH10b0150b4050b3879 aH10 BR87046601 aOliveira, J.V. de1 aPedroso, B.A.1 aSoares, S.F.1 aWilians, S.1 a12. Reuniao da Cultura do Arroz IrrigadocPorto Alegre, RS (Brazil)d21-23 Sep 19831 aControle quimico do nematoide Aphelenchoides besseyi. Christie 1942, em arroz irrigado no Baixo Sao Francisco3 aPorto Alegre, RS (Brasil): c1983.  aAnais da 12. Reuniao da Cultura do Arroz Irrigado Porto Alegre, RS (Brasil): 1983. p. 215-217 (BR8704660-AM)H10  aARROZ IRRIGADO aNEMATOIDE aINFESTACAO aNEMATICIDA aCONTROLE QUIMICO0 tAnais da 12. Reuniao da Cultura do Arroz IrrigadowH10 BR8704660gPorto Alegre, RS (Brasil), 1983. p. 215-217 a202404bLuciac55dLucia Elande cAM2AGRIS c318393d318393 002AGRIS40708Acervo Gerala41918b41918cAgrobasel0o0150 BR8704610r2024-05-20t01yAM10d2024-04-11ePortaria Interministerial nÂș 164/94